Chess Pieces From Other Languages To English - Statistics

General Stats
  • This quiz has been taken 176 times
  • The average score is 11 of 18
Answer Stats
Language English % Correct
Dama Queen
85%
Cavalier Knight
83%
Peón Pawn
82%
Dame Queen
82%
Rey King
79%
Caballo Knight
77%
Torre Rook
73%
Pion Pawn
72%
Alfil Bishop
63%
Dame Queen
58%
Roy King
56%
Tour Rook
54%
König King
53%
Fou Bishop
48%
Läufer Bishop
37%
Bauer Pawn
37%
Springer Knight
36%
Turm Rook
34%
No matching quizzes found
Score Distribution
Percent of People with Each Score
Percentile by Number Answered
Your Score History
You have not taken this quiz